Game of the Year (2000 bis heute) - Statistiken

Allgemein
  • Dieses Quiz wurde 325 mal gespielt
  • Das Durchschnittsergebnis liegt bei 3 aus 22
Antwortstatistiken
Jahr Antwort % Korrekt
2003 Call Of Duty
44%
2018 God of War
43%
2013 The Last of Us
40%
2008 Super Mario Galaxy
24%
2002 Halo: Combat EvolvedSMS Chess Neverwinter Nights
14%
2000 MediEvilPokemon Yellow Deus Ex
14%
2016 Uncharted 4: A Thief's End
14%
205 Fallout 4
13%
2020 Hades
13%
2007 BioShock
10%
2004 Half-Life 2
10%
2011 Portal 2
10%
2001 Gran Turismo 3: A-SpecTony Hawk's Pro Skater 2 Max Payne
7%
2009 Batman: Arkham Asylum
5%
2014 Destiny
4%
2010 Mass Effect 2
4%
2012 Dishonored
2%
2019 Outer Wilds
2%
2022 Vampire Survivors
2%
2021 Returnal
1%
2006 Tom Clancy's Ghost Recon Advanced Warfighter
1%
2017 What Remains of Edith Finch
1%
Keine übereinstimmenden Quizze gefunden
Verteilung der Resultate
Anzahl Personen mit jedem Resultat
Perzentil nach korrekt beantworteten Fragen
Ihre Resultats-Entwicklung
Sie haben dieses Quiz noch nicht gespielt